ბათუმის შოთა რუსთაველის სახელმწიფო უნივერსიტეტის ბიბლიოთეკა

სიკვდილი ცოტას მოიცდის (ბიბ.ჩანაწერი № 42594)

000 -LEADER
fixed length control field 00856nam a2200229Ia 4500
001 - CONTROL NUMBER
control field 9297
003 - CONTROL NUMBER IDENTIFIER
control field GE_BSU
008 - FIXED-LENGTH DATA ELEMENTS--GENERAL INFORMATION
fixed length control field 181216s||||||||xx |||||||||||||| ||und||
040 ## - CATALOGING SOURCE
Transcribing agency GE_BSU
080 ## - UNIVERSAL DECIMAL CLASSIFICATION NUMBER
Universal Decimal Classification number 821.353.1-32
100 ## - MAIN ENTRY--PERSONAL NAME
Personal name ლორთქიფანიძე,კონსტანტინე
245 ## - TITLE STATEMENT
Title სიკვდილი ცოტას მოიცდის
245 ## - TITLE STATEMENT
Remainder of title უტყუარი მოთხრობები
245 ## - TITLE STATEMENT
Statement of responsibility, etc. რედ:ც.ჯაფარიძე;მხატვ:თ.სამსონაძე
260 ## - PUBLICATION, DISTRIBUTION, ETC.
Place of publication, distribution, etc. თბილისი.
260 ## - PUBLICATION, DISTRIBUTION, ETC.
Name of publisher, distributor, etc. საბჭ.საქართველო
260 ## - PUBLICATION, DISTRIBUTION, ETC.
Date of publication, distribution, etc. 1966
300 ## - PHYSICAL DESCRIPTION
Extent 95გვ;20სმ.
653 ## - INDEX TERM--UNCONTROLLED
Uncontrolled term სიკვდილი ცოტას მოიცდის
653 ## - INDEX TERM--UNCONTROLLED
Uncontrolled term უტყუარი მოთხრობები
942 ## - ADDED ENTRY ELEMENTS (KOHA)
Koha item type წიგნი
ეგზემპლარები
Withdrawn status Lost status Damaged status Not for loan Date acquired Barcode Date last seen Price effective from Koha item type
        2018-12-17 32096 2018-12-17 2018-12-17 წიგნი